[Event "COL-ch Visually impaired (Women)"]
[Site "Cartagena"]
[Date "2019.12.05"]
[Round "5.3"]
[White "Martes, Maira Fernanda"]
[Black "Contreras Sandoval, Leidy Tatiana"]
[Result "0-1"]
[WhiteElo "1346"]
[BlackElo "1705"]
[PlyCount "52"]
[EventDate "2019.12.03"]
[EventType "swiss"]
[EventRounds "5"]
[EventCountry "COL"]
[SourceTitle "EXT 2024"]
[Source "ChessBase"]
[SourceDate "2023.10.10"]
[SourceVersion "1"]
[SourceVersionDate "2023.10.10"]
[SourceQuality "1"]

1. e4 c5 2. Nf3 Nc6 3. d4 cxd4 4. Nxd4 g6 5. Nc3 Bg7 6. Be3 Nf6 7. Be2 d6 8. 0-0 Bd7 9. f4 0-0 10. Nxc6 Bxc6 11. e5 dxe5 12. fxe5 Nd7 13. e6 fxe6 14. Rxf8+ Qxf8 15. Qf1 Be5 16. Bf3 Bxf3 17. gxf3 Bd6 18. Ne4 Ne5 19. Ng5 Qh6 20. Qg2 Nxf3+ 21. Qxf3 Qxh2+ 22. Kf1 Rf8 23. Qxf8+ Kxf8 24. Nxe6+ Kg8 25. Re1 Qh3+ 26. Ke2 Qxe6 0-1

[Event "COL-ch Visually impaired (Women)"]
[Site "Cartagena"]
[Date "2019.12.03"]
[Round "2.4"]
[White "Martes, Maira Fernanda"]
[Black "Ruiz, Luz Alba"]
[Result "1-0"]
[WhiteElo "1346"]
[BlackElo "1178"]
[PlyCount "44"]
[EventDate "2019.12.03"]
[EventType "swiss"]
[EventRounds "5"]
[EventCountry "COL"]
[SourceTitle "EXT 2024"]
[Source "ChessBase"]
[SourceDate "2023.10.10"]
[SourceVersion "1"]
[SourceVersionDate "2023.10.10"]
[SourceQuality "1"]

1. e4 e5 2. Nf3 Nc6 3. d4 exd4 4. Nxd4 Nf6 5. Nc3 Bb4 6. f3 0-0 7. Be3 Re8 8. Qd2 d5 9. Bb5 dxe4 10. Nxc6 Qxd2+ 11. Bxd2 Bxc3 12. Bxc3 exf3+ 13. Kf2 a6 14. Ba4 Re2+ 15. Kxf3 Bg4+ 16. Kg3 bxc6 17. Bxc6 Rd8 18. Bxf6 gxf6 19. Kxg4 Rxc2 20. Rac1 Rxb2 21. a4 a5 22. Rhe1 Kg7 1-0

[Event "COL-ch Visually limited (Women)"]
[Site "Ibague"]
[Date "2015.11.29"]
[Round "3.6"]
[White "Martes, Maira Fernanda"]
[Black "Ayala Africano, Denis"]
[Result "1-0"]
[WhiteElo "1658"]
[BlackElo "1526"]
[PlyCount "33"]
[EventDate "2015.11.28"]
[EventType "swiss"]
[EventRounds "5"]
[EventCountry "COL"]
[SourceTitle "EXT 2024"]
[Source "ChessBase"]
[SourceDate "2023.10.10"]
[SourceVersion "1"]
[SourceVersionDate "2023.10.10"]
[SourceQuality "1"]

1. e4 e5 2. Nf3 Nc6 3. d4 Nf6 4. Nc3 d6 5. dxe5 Nxe5 6. Nxe5 Bg4 7. Nxg4 Be7 8. Nxf6+ Bxf6 9. Nd5 Be5 10. f4 Qh4+ 11. g3 Qh6 12. fxe5 Qe6 13. Nxc7+ Ke7 14. Nxe6 Kxe6 15. exd6 Rad8 16. Qd5+ Kf6 17. Qf5# 1-0

[Event "Costa Atlantica Univ La Guajira"]
[Site "Riohacha"]
[Date "2013.09.03"]
[Round "5.4"]
[White "Martes, Maira Fernanda"]
[Black "Castro, Natalia Patricia"]
[Result "0-1"]
[WhiteElo "1671"]
[BlackElo "1983"]
[PlyCount "30"]
[EventDate "2013.09.02"]
[EventType "swiss"]
[EventRounds "6"]
[EventCountry "COL"]
[SourceTitle "EXT 2024"]
[Source "ChessBase"]
[SourceDate "2023.10.10"]
[SourceVersion "1"]
[SourceVersionDate "2023.10.10"]
[SourceQuality "1"]

1. e4 e5 2. Nf3 Nc6 3. d4 exd4 4. Nxd4 Nf6 5. Nc3 Bb4 6. Bd3 Nxd4 7. Bd2 Nc6 8. 0-0 d6 9. a3 Bxc3 10. bxc3 Bd7 11. Qe2 Ne5 12. f4 Nxd3 13. Qxd3 a6 14. Rab1 Bc6 15. Rfe1 0-0 0-1

[Event "COL-ch Visually limited (Women) 3rd"]
[Site "Colombia"]
[Date "2012.11.25"]
[Round "2.2"]
[White "Martes, Maira Fernanda"]
[Black "Bautista Chiquillo, Leidy Johanna"]
[Result "0-1"]
[WhiteElo "1671"]
[BlackElo "1600"]
[PlyCount "39"]
[EventDate "2012.11.25"]
[EventType "swiss"]
[EventRounds "7"]
[EventCountry "COL"]
[SourceTitle "EXT 2024"]
[Source "ChessBase"]
[SourceDate "2023.10.10"]
[SourceVersion "1"]
[SourceVersionDate "2023.10.10"]
[SourceQuality "1"]

1. e4 c5 2. Nf3 d6 3. d4 cxd4 4. Nxd4 Nf6 5. Nc3 a6 6. Bg5 e6 7. Qd2 Be7 8. 0-0-0 0-0 9. Kb1 e5 10. Nb3 Be6 11. Nc1 b5 12. h4 Nc6 13. f3 b4 14. Nd5 Bxd5 15. exd5 Nd4 16. Be2 a5 17. Nb3 Nxb3 18. cxb3 Qb6 19. Rc1 Qd4 20. Qe3 0-1

[Event "COL-ch visually impaired (Women) 2nd"]
[Site "Cali"]
[Date "2008.10.28"]
[Round "7.4"]
[White "Martes, Maira Fernanda"]
[Black "Garcia, Lucia Johanna"]
[Result "1-0"]
[WhiteElo "1600"]
[BlackElo "1600"]
[PlyCount "29"]
[EventDate "2008.10.25"]
[EventType "swiss"]
[EventRounds "7"]
[EventCountry "COL"]
[SourceTitle "EXT 2024"]
[Source "ChessBase"]
[SourceDate "2023.10.10"]
[SourceVersion "1"]
[SourceVersionDate "2023.10.10"]
[SourceQuality "1"]

1. e4 e5 2. Nf3 Nf6 3. Nc3 Nc6 4. d4 exd4 5. Nxd4 Bc5 6. Nxc6 dxc6 7. Qxd8+ Kxd8 8. Bc4 Nxe4 9. Nxe4 Re8 10. f3 f5 11. Bg5+ Be7 12. 0-0-0+ Bd7 13. Rd2 Bxg5 14. Nxg5 Re3 15. Rdd1 1-0

[Event "COL-ch visually impaired (Women) 2nd"]
[Site "Cali"]
[Date "2008.10.26"]
[Round "4.2"]
[White "Martes, Maira Fernanda"]
[Black "Franco, Yolima"]
[Result "0-1"]
[WhiteElo "1600"]
[BlackElo "1600"]
[PlyCount "62"]
[EventDate "2008.10.25"]
[EventType "swiss"]
[EventRounds "7"]
[EventCountry "COL"]
[SourceTitle "EXT 2024"]
[Source "ChessBase"]
[SourceDate "2023.10.10"]
[SourceVersion "1"]
[SourceVersionDate "2023.10.10"]
[SourceQuality "1"]

1. e4 e5 2. Nf3 Nc6 3. d4 exd4 4. Bc4 Bc5 5. Bxf7+ Kxf7 6. c3 dxc3 7. Qd5+ Ke8 8. Qxc5 d6 9. Qh5+ g6 10. Qd5 Nf6 11. Qg5 Nxe4 12. Qxd8+ Kxd8 13. Nxc3 Re8 14. 0-0 Bg4 15. Nxe4 Rxe4 16. Bg5+ Kd7 17. Rfe1 Rae8 18. Rxe4 Rxe4 19. Re1 Bxf3 20. Rxe4 Bxe4 21. f3 Bd5 22. Kf2 Bxa2 23. h4 Ke6 24. g4 Ne5 25. h5 gxh5 26. gxh5 Kf5 27. Be3 a5 28. Kg3 a4 29. f4 Nd3 30. Kf3 b5 31. Kg3 b4 0-1